|
|
|
|
| LEADER |
00000nab#a22000007a#4500 |
| 001 |
arbauad036199 |
| 003 |
AR-BaUAD |
| 005 |
20250711112848.0 |
| 008 |
990329|||||||||###||||||b###|0###a|spa|| |
| 040 |
|
|
|a AR-BaUAD
|c AR-BaUAD
|b spa
|
| 100 |
|
|
|a Fonseca, Lorenzo
|
| 245 |
|
|
|a Para ver la arquitectura bogotana /
|c Lorenzo Fonseca; Alberto Saldarriaga;
|
| 300 |
0 |
|
|b cortes, fot., plantas, vistas, cortes
|
| 653 |
|
|
|a COLOMBIA
|
| 653 |
|
|
|a BOGOTA
|
| 653 |
|
|
|a CRITICA DE LA ARQUITECTURA
|
| 700 |
1 |
|
|a Saldarriaga, Alberto
|
| 773 |
0 |
|
|t SUMMARIOS
|g no. 55, p. 3-10
|
| 942 |
|
|
|c ARTI
|
| 952 |
|
|
|0 0
|1 0
|4 0
|7 0
|9 81118
|a AR-BAuAD
|b AR-BAuAD
|d 2025-07-11
|l 0
|p AAQA036199
|r 2025-07-11 11:28:48
|w 2025-07-11
|y ARTI
|
| 990 |
|
|
|a AQ199
|b TD
|
| 998 |
|
|
|a AAQ
|b BIBUN76
|
| 999 |
|
|
|c 60791
|d 60791
|